书目信息 |
| 题名: |
汪派琵琶演奏谱
|
|
| 作者: | 陈泽民 主编 ;中央音乐学院 编 | |
| 分册: | ||
| 出版信息: | 北京 人民音乐出版社 2004 |
|
| 页数: | 78,73页 | |
| 开本: | 30cm | |
| 丛书名: | ||
| 单 册: | ||
| 中图分类: | J648.33 | |
| 科图分类: | ||
| 主题词: | 琵琶 , 器乐曲 , 琵琶--器乐曲--中国--选集 | |
| 电子资源: | ||
| ISBN: | 7-103-02797-8 | |
| 000 | 00910nam0 2200253 450 | |
| 001 | 002720128 | |
| 005 | 20070805180731.67 | |
| 010 | @a7-103-02797-8@dCNY25.80 | |
| 100 | @a20040802d2004 em y0chiy0110 ea | |
| 101 | 0 | @achi |
| 102 | @aCN@b110000 | |
| 105 | @aag z 000yy | |
| 200 | 1 | @a汪派琵琶演奏谱@9wang pai pi pa yan zou pu@f陈泽民主编@g中央音乐学院民乐系弹拨教研室编 |
| 210 | @a北京@c人民音乐出版社@d2004 | |
| 215 | @a78,73页@c照片@d30cm | |
| 330 | @a本书整理的十首琵琶演奏谱,是从六位汪昱庭弟子的演奏谱中选定的。曲谱包括:淮阴平楚、郁轮袍、浔阳夜月、塞上曲、青莲乐府、神传妙谛、阳春古曲、灯月交辉等。 | |
| 606 | 0 | @a琵琶 |
| 606 | 0 | @a器乐曲 |
| 606 | 0 | @a琵琶@x器乐曲@y中国@j选集 |
| 690 | @aJ648.33@v4 | |
| 701 | 0 | @a陈泽民@9chen ze min@c(民乐)@4主编 |
| 712 | 02 | @a中央音乐学院@9zhong yang yin yue xue yuan@b民乐系@b弹拨教研室@4编 |
| 801 | 0 | @aCN@bNLC@c20070805 |
| 905 | @a10447@dJ648.33@e125 | |
| 汪派琵琶演奏谱/陈泽民主编/中央音乐学院民乐系弹拨教研室编.-北京:人民音乐出版社,2004 |
| 78,73页:照片;30cm |
| ISBN 7-103-02797-8:CNY25.80 |
| 本书整理的十首琵琶演奏谱,是从六位汪昱庭弟子的演奏谱中选定的。曲谱包括:淮阴平楚、郁轮袍、浔阳夜月、塞上曲、青莲乐府、神传妙谛、阳春古曲、灯月交辉等。 |
| ● |
| 相关链接 |
|
|
|
|
正题名:汪派琵琶演奏谱
索取号:J648.33/125
 
预约/预借
| 序号 | 登录号 | 条形码 | 馆藏地/架位号 | 状态 | 备注 |
| 1 | 0805469 | 208054692 | 第一样本阅览室/ [索取号:J648.33/125] | 在馆 | |
| 2 | 0805470 | 208054709 | 第一借阅区/ [索取号:J648.33/125] | 在馆 | |
| 3 | 0805471 | 208054718 | 第一借阅区/ [索取号:J648.33/125] | 在馆 | |
| 4 | 0805472 | 208054727 | 第一借阅区/ [索取号:J648.33/125] | 在馆 | |
| 5 | 0805473 | 208054736 | 第一借阅区/ [索取号:J648.33/125] | 在馆 | |
| 6 | 0805474 | 208054745 | 第一借阅区/ [索取号:J648.33/125] | 在馆 | |
| 7 | 0805475 | 208054754 | 第一借阅区/ [索取号:J648.33/125] | 在馆 | |
| 8 | 0805476 | 208054763 | 密集书库-音乐系/ [索取号:J648.33/125] | 在馆 | |
| 9 | 0805477 | 208054772 | 密集书库-音乐系/ [索取号:J648.33/125] | 在馆 | |
| 10 | 0805478 | 208054781 | 密集书库-音乐系/ [索取号:J648.33/125] | 在馆 |